Statistics for A Series Of Unfortunate Events: The Reptile Room: Trivia

Click here to take the quiz!

General Stats

  • This quiz has been taken 10 times
  • The average score is 8 of 13

Answer Stats

HintAnswer% Correct
What is the awful smell on the drive to Uncle Monty's?Horseradish
88%
Who is Count Olaf disguised as?Stephano
88%
What type of cake does Uncle Monty greet the Baudelaires with?Coconut Cream cake
75%
What lane is Uncle Monty's house on?Lousy Lane
75%
What is the name of the friendliest snake?The Incredibly Deadly Viper
75%
What did Uncle Monty use to decode the messages in the movie?A spyglass
63%
What snake's venom killed Uncle Monty?Mamba du Mal
63%
Where is Uncle Monty instructed to take the Baudelaires?Peru
63%
What is the name of the movie with a secret message?Zombies in the Snow
63%
What is Uncle Monty and the Baudelaires parents locked inside in the picture?A piano
50%
What does Uncle Monty study?Herpetology
38%
Who does Uncle Monty work for?Herpetological Society
25%
Who was disguised as a statue?Jacqueline
25%

Score Distribution

Percentile by Number Answered

Percent of People with Each Score

Your Score History

You have not taken this quiz